The official guide to the GRE revised general test / (Record no. 131515)
[ view plain ]
| 000 -LEADER | |
|---|---|
| fixed length control field | 01927cam a2200373 i 4500 |
| 001 - CONTROL NUMBER | |
| control field | 17123974 |
| 003 - CONTROL NUMBER IDENTIFIER | |
| control field | ARRUPE |
| 005 - DATE AND TIME OF LATEST TRANSACTION | |
| control field | 20221108161017.0 |
| 008 - FIXED-LENGTH DATA ELEMENTS--GENERAL INFORMATION | |
| fixed length control field | 120117s2012 nyua 000 0 eng |
| 010 ## - LIBRARY OF CONGRESS CONTROL NUMBER | |
| LC control number | 2012931062 |
| 020 ## - INTERNATIONAL STANDARD BOOK NUMBER | |
| International Standard Book Number | 9780071791236 (book and CD set : acidfree paper) |
| 020 ## - INTERNATIONAL STANDARD BOOK NUMBER | |
| International Standard Book Number | 9780071791205 (book for set) |
| 020 ## - INTERNATIONAL STANDARD BOOK NUMBER | |
| Cancelled/invalid ISBN | 9790071791205 |
| 020 ## - INTERNATIONAL STANDARD BOOK NUMBER | |
| Cancelled/invalid ISBN | 9780071791212 (e-isbn) |
| 040 ## - CATALOGING SOURCE | |
| Original cataloging agency | DLC |
| Language of cataloging | eng |
| Transcribing agency | DLC |
| Description conventions | rda |
| Modifying agency | DLC |
| 042 ## - AUTHENTICATION CODE | |
| Authentication code | pcc |
| 050 00 - LIBRARY OF CONGRESS CALL NUMBER | |
| Classification number | LB2367.4 |
| Item number | .G65 2012 |
| 082 00 - DEWEY DECIMAL CLASSIFICATION NUMBER | |
| Classification number | 378.1/662 |
| Edition number | 23 |
| 300 ## - PHYSICAL DESCRIPTION | |
| Other physical details | illustrations ; |
| Dimensions | 28 cm + |
| 245 04 - TITLE STATEMENT | |
| Title | The official guide to the GRE revised general test / |
| Statement of responsibility, etc | ETS. |
| 246 3# - VARYING FORM OF TITLE | |
| Title proper/short title | Official guide to the Graduate Record Examination |
| 250 ## - EDITION STATEMENT | |
| Edition statement | 2nd edition. |
| 300 ## - PHYSICAL DESCRIPTION | |
| Extent | 563 pages : |
| Accompanying material | 1 CD-ROM (4 3/4 in.) |
| 500 ## - GENERAL NOTE | |
| General note | "For all test dates on or after August 1, 2011"--Cover. |
| 505 0# - FORMATTED CONTENTS NOTE | |
| Formatted contents note | About the GRE revised General Test -- GRE analytical writing -- GRE verbal reasoning --GRE verbal reasoning practice questions -- GRE quantitative reasoning -- GRE quantitative reasoning practice questions -- GRE math review -- GRE Practice test 1 -- GRE Practice test 2. |
| 538 ## - SYSTEM DETAILS NOTE | |
| System details note | System requirements for CD-ROM: Microsoft Windows XP, Vista, or 7. |
| 650 #0 - SUBJECT ADDED ENTRY--TOPICAL TERM | |
| Topical term or geographic name as entry element | Graduate Record Examination |
| Form subdivision | Study guides. |
| 9 (RLIN) | 51825 |
| 710 2# - ADDED ENTRY--CORPORATE NAME | |
| Corporate name or jurisdiction name as entry element | Educational Testing Service. |
| 9 (RLIN) | 51832 |
| 856 42 - ELECTRONIC LOCATION AND ACCESS | |
| Materials specified | Contributor biographical information |
| Uniform Resource Identifier | <a href="http://www.loc.gov/catdir/enhancements/fy1206/2012931062-b.html">http://www.loc.gov/catdir/enhancements/fy1206/2012931062-b.html</a> |
| 856 42 - ELECTRONIC LOCATION AND ACCESS | |
| Materials specified | Publisher description |
| Uniform Resource Identifier | <a href="http://www.loc.gov/catdir/enhancements/fy1206/2012931062-d.html">http://www.loc.gov/catdir/enhancements/fy1206/2012931062-d.html</a> |
| 856 41 - ELECTRONIC LOCATION AND ACCESS | |
| Materials specified | Table of contents only |
| Uniform Resource Identifier | <a href="http://www.loc.gov/catdir/enhancements/fy1206/2012931062-t.html">http://www.loc.gov/catdir/enhancements/fy1206/2012931062-t.html</a> |
| 906 ## - LOCAL DATA ELEMENT F, LDF (RLIN) | |
| a | 7 |
| b | cbc |
| c | origcop |
| d | 1 |
| e | epcn |
| f | 20 |
| g | y-gencatlg |
| 942 ## - ADDED ENTRY ELEMENTS (KOHA) | |
| Source of classification or shelving scheme | Library of Congress Classification |
| Koha item type | Monograph ( Printed materials) |
| Withdrawn status | Lost status | Source of classification or shelving scheme | Damaged status | Not for loan | Collection code | Home library | Current library | Shelving location | Date acquired | Total Checkouts | Full call number | Barcode | Date last seen | Date checked out | Price effective from | Koha item type |
|---|---|---|---|---|---|---|---|---|---|---|---|---|---|---|---|---|
| Library of Congress Classification | Main Collection | ARRUPE LIBRARY | ARRUPE LIBRARY | Main Collection | 08/11/2022 | 1 | LB2367.4 .G65 2012 | 46700000056 | 11/08/2023 | 12/12/2022 | 08/11/2022 | Monograph ( Printed materials) |